[Event "Ekaterinburg Scerbin Memorial Blitz"]
[Site "Ekaterinburg"]
[Date "2024.01.12"]
[Round "3"]
[White "Polosin, Evgeni"]
[Black "Afanasiev, Nikita"]
[Result "0-1"]
[WhiteElo "2102"]
[BlackElo "2541"]
[PlyCount "124"]
[EventDate "2024.01.12"]
[EventType "swiss (blitz)"]
[EventRounds "13"]
[EventCountry "RUS"]
[SourceTitle "CB03_2024"]
[SourceDate "2024.01.17"]
[SourceVersion "1"]
[SourceVersionDate "2024.01.17"]
[SourceQuality "1"]

1. e4 g6 2. d4 Bg7 3. Nc3 a6 4. a4 d6 5. Be3 Nd7 6. f3 e6 7. Qd2 h6 8. h4 Ne7 9. h5 g5 10. Bc4 d5 11. Bb3 dxe4 12. fxe4 Nf6 13. Nf3 b6 14. 0-0-0 Bb7 15. d5 exd5 16. exd5 Nf5 17. Bxg5 hxg5 18. Rde1+ Kf8 19. Kb1 g4 20. Ne5 Bh6 21. Qf2 Nd6 22. Rhf1 Bg5 23. Ne4 Nfxe4 24. Rxe4 Rh7 25. Rxg4 Bc8 26. Nc6 Bxg4 27. Nxd8 Bxd8 28. a5 Rb8 29. axb6 Rxb6 30. Qc5 Bxh5 31. Rh1 Rxb3 32. Rxh5 Rxh5 33. cxb3 Rg5 34. Qc2 Rxd5 35. Qe2 a5 36. Qf3 Rf5 37. Qa8 Ke7 38. Qc6 Ke6 39. Ka2 Rg5 40. Qa8 Kd7 41. Qf3 f5 42. Qh3 Rg7 43. Qf3 Bf6 44. Qa8 Bd4 45. Qd5 Rg4 46. Qf3 Bb6 47. Kb1 Kc8 48. Ka2 Kb8 49. Kb1 Rb4 50. Ka2 f4 51. g3 fxg3 52. Qxg3 Nb5 53. Qg8+ Ka7 54. Qd5 Nd4 55. Qf7 Nxb3 56. Qf3 Nc5 57. Qc6 Na4 58. Ka1 Nxb2 59. Qg2 Bd4 60. Ka2 Na4 61. Ka3 Nc5 62. Qd5 Ra4# 0-1

[Event "Chigorin Memorial 30th"]
[Site "St Petersburg"]
[Date "2023.10.29"]
[Round "9"]
[White "Polosin, Evgeni"]
[Black "Antipov, Fedor"]
[Result "1-0"]
[WhiteElo "2083"]
[BlackElo "1959"]
[PlyCount "119"]
[EventDate "2023.10.21"]
[EventType "swiss"]
[EventRounds "9"]
[EventCountry "RUS"]
[SourceTitle "Mega2024 Update 01"]
[Source "Chessbase"]
[SourceDate "2023.11.12"]
[SourceVersion "1"]
[SourceVersionDate "2023.11.12"]
[SourceQuality "1"]

1. e4 c5 2. Nc3 Nc6 3. Nf3 Nf6 4. d4 cxd4 5. Nxd4 e6 6. Ndb5 Bb4 7. Nd6+ Ke7 8. Nxc8+ Rxc8 9. Bd3 d6 10. Bd2 Ne5 11. 0-0 a6 12. Kh1 h5 13. a3 Bc5 14. Bg5 Bd4 15. Ne2 Ba7 16. Nf4 h4 17. Nh3 Qc7 18. f4 Nxd3 19. cxd3 Bd4 20. Qf3 Ke8 21. e5 Qc6 22. Qe2 Qc2 23. Qe1 Nh7 24. f5 Nxg5 25. Nxg5 h3 26. Nxh3 Bxe5 27. Qe3 Qxb2 28. fxe6 Qxa1 29. exf7+ Kd7 30. Rxa1 Bxa1 31. Ng5 Bf6 32. Ne6 Be7 33. Nxg7 Rc5 34. Qe6+ Kd8 35. h3 Re5 36. Qg4 Re1+ 37. Kh2 Bf6 38. Ne6+ Ke7 39. f8Q+ Rxf8 40. Nxf8 Kxf8 41. Qc8+ Kg7 42. Qxb7+ Kg6 43. Qf3 Be5+ 44. g3 Ra1 45. Qg4+ Kf7 46. a4 Ra2+ 47. Kh1 Rb2 48. h4 Rf2 49. h5 Rf6 50. Qd7+ Kg8 51. Kg2 Rf7 52. Qd8+ Kg7 53. g4 Kh7 54. g5 Rg7 55. Kh3 Rg8 56. Qd7+ Kh8 57. g6 Rg7 58. Qc8+ Rg8 59. Qxa6 Bg7 60. Qb7 1-0

[Event "Chigorin Memorial 30th"]
[Site "St Petersburg"]
[Date "2023.10.27"]
[Round "7"]
[White "Polosin, Evgeni"]
[Black "Chernov, Lev"]
[Result "1-0"]
[WhiteElo "2083"]
[BlackElo "1831"]
[PlyCount "63"]
[EventDate "2023.10.21"]
[EventType "swiss"]
[EventRounds "9"]
[EventCountry "RUS"]
[SourceTitle "Mega2024 Update 01"]
[Source "Chessbase"]
[SourceDate "2023.11.12"]
[SourceVersion "1"]
[SourceVersionDate "2023.11.12"]
[SourceQuality "1"]

1. e4 c5 2. Nf3 d6 3. Bb5+ Nd7 4. d4 cxd4 5. Qxd4 a6 6. Bxd7+ Bxd7 7. Nc3 Nf6 8. Bg5 e5 9. Qd3 Be6 10. Bxf6 Qxf6 11. Nd5 Qd8 12. Nd2 Rc8 13. c3 Be7 14. Nf1 Bg5 15. Nfe3 g6 16. 0-0 0-0 17. Rad1 Rc5 18. a3 Qb8 19. g3 Bh3 20. Rfe1 f5 21. exf5 gxf5 22. f4 exf4 23. Nxf4 Bxf4 24. gxf4 Rf6 25. Kf2 Rg6 26. Rg1 Qd8 27. Rxg6+ hxg6 28. Qxd6 Qh4+ 29. Kg1 Rc6 30. Qb8+ Kg7 31. Rd7+ Kf6 32. Qf8+ 1-0

[Event "Chigorin Memorial 30th"]
[Site "St Petersburg"]
[Date "2023.10.26"]
[Round "6"]
[White "Romanov, Vasily"]
[Black "Polosin, Evgeni"]
[Result "0-1"]
[WhiteElo "1862"]
[BlackElo "2083"]
[PlyCount "86"]
[EventDate "2023.10.21"]
[EventType "swiss"]
[EventRounds "9"]
[EventCountry "RUS"]
[SourceTitle "Mega2024 Update 01"]
[Source "Chessbase"]
[SourceDate "2023.11.12"]
[SourceVersion "1"]
[SourceVersionDate "2023.11.12"]
[SourceQuality "1"]

1. e4 c6 2. d4 d5 3. e5 Bf5 4. h4 h5 5. Bd3 Bxd3 6. Qxd3 Qa5+ 7. Nd2 Qa6 8. e6 Qxd3 9. exf7+ Kxf7 10. cxd3 Nh6 11. Ndf3 Nf5 12. Ne5+ Ke8 13. Ng6 Rg8 14. Nf3 Na6 15. b3 Rd8 16. Ba3 Kd7 17. Kd2 Nc7 18. Rae1 Nb5 19. Bb2 e6 20. Nxf8+ Rdxf8 21. a4 Nc7 22. Ba3 Rf6 23. Bc5 a6 24. Re2 Nh6 25. Ne5+ Kc8 26. Be7 Rf4 27. Ke3 Rf5 28. f3 Rxe5+ 29. dxe5 Nf5+ 30. Kf4 Nxe7 31. g4 Rh8 32. d4 Kd7 33. b4 Na8 34. Kg5 Nb6 35. a5 Nbc8 36. Rd1 Ke8 37. Rdd2 Ng8 38. Rc2 Nce7 39. Rc3 Nh6 40. Rh2 Kf7 41. Rcc2 Kg8 42. Rcd2 Ng6 43. Rc2 Nf7+ 0-1

[Event "Chigorin Memorial 30th"]
[Site "St Petersburg"]
[Date "2023.10.24"]
[Round "4"]
[White "Moiseeva, Olesya"]
[Black "Polosin, Evgeni"]
[Result "0-1"]
[WhiteElo "1843"]
[BlackElo "2083"]
[PlyCount "74"]
[EventDate "2023.10.21"]
[EventType "swiss"]
[EventRounds "9"]
[EventCountry "RUS"]
[SourceTitle "Mega2024 Update 01"]
[Source "Chessbase"]
[SourceDate "2023.11.12"]
[SourceVersion "1"]
[SourceVersionDate "2023.11.12"]
[SourceQuality "1"]

1. e4 c6 2. c4 d5 3. exd5 cxd5 4. cxd5 Nf6 5. Nc3 g6 6. Nf3 Bg7 7. Bb5+ Nbd7 8. 0-0 0-0 9. Bxd7 Nxd7 10. Re1 Nb6 11. d4 Re8 12. Qb3 a5 13. a4 Qd6 14. Ne4 Qd8 15. d6 Be6 16. dxe7 Rxe7 17. Qd1 h6 18. h3 Bd5 19. Ned2 Rxe1+ 20. Qxe1 Bc6 21. Nf1 Bxf3 22. gxf3 Qxd4 23. Be3 Qf6 24. Qc1 Rc8 25. Qd2 Nc4 26. Qd7 Qc6 27. Qxc6 bxc6 28. Rc1 Nxb2 29. Bb6 Ra8 30. Rxc6 Nxa4 31. Be3 Nc3 32. Bd2 Ne2+ 33. Kg2 a4 34. Rc2 a3 35. Ra2 Bb2 36. Ne3 Rd8 37. Bb4 Nc1 0-1

[Event "Chigorin Memorial Blitz 30th"]
[Site "St Petersburg"]
[Date "2023.10.20"]
[Round "3"]
[White "Polosin, Evgeni"]
[Black "Moiseenko, Vadim"]
[Result "0-1"]
[WhiteElo "2083"]
[BlackElo "2529"]
[PlyCount "94"]
[EventDate "2023.10.20"]
[EventType "swiss (blitz)"]
[EventRounds "11"]
[EventCountry "RUS"]
[SourceTitle "Mega2024 Update 01"]
[Source "Chessbase"]
[SourceDate "2023.11.12"]
[SourceVersion "1"]
[SourceVersionDate "2023.11.12"]
[SourceQuality "1"]

1. e4 c6 2. Nc3 d5 3. Nf3 Bg4 4. h3 Bh5 5. exd5 cxd5 6. d4 Nc6 7. Bb5 Rc8 8. g4 Bg6 9. Ne5 e6 10. h4 f6 11. Nxg6 hxg6 12. Qd3 Kf7 13. Bxc6 Rxc6 14. Bd2 Bb4 15. 0-0-0 Ne7 16. h5 gxh5 17. gxh5 Nf5 18. Qf3 Qa5 19. Qg4 Bxc3 20. Bxc3 Rxc3 21. bxc3 Qxc3 22. Rh3 Qa1+ 23. Kd2 Qxd4+ 24. Qxd4 Nxd4 25. Rb1 b6 26. Ra3 Nc6 27. Rc3 Rc8 28. Rh1 e5 29. f3 Ke6 30. h6 gxh6 31. Rxh6 d4 32. Ra3 Rg8 33. Rh7 Rg2+ 34. Kd1 Nb4 35. Rc7 a5 36. Rb3 Nd5 37. Rc8 Kd7 38. Rf8 Ne3+ 39. Rxe3 dxe3 40. Rxf6 Rd2+ 41. Ke1 Rxc2 42. Rxb6 Rxa2 43. Rb3 e2 44. Rb6 a4 45. Ra6 a3 46. Kf2 Ra1 47. Ra5 e1Q+ 0-1

[Event "Satka Autumn"]
[Site "Satka"]
[Date "2023.09.05"]
[Round "8"]
[White "Polosin, Evgeni"]
[Black "Ulybin, Mikhail"]
[Result "0-1"]
[WhiteElo "2099"]
[BlackElo "2356"]
[PlyCount "50"]
[EventDate "2023.08.29"]
[EventType "swiss"]
[EventRounds "9"]
[EventCountry "RUS"]
[SourceTitle "EXT 2024"]
[Source "ChessBase"]
[SourceDate "2023.10.10"]
[SourceVersion "1"]
[SourceVersionDate "2023.10.10"]
[SourceQuality "1"]

1. e4 e6 2. d4 d5 3. e5 c5 4. c3 Nc6 5. Nf3 Bd7 6. Be2 Nge7 7. 0-0 Nf5 8. dxc5 Bxc5 9. Bd3 Nh4 10. Nbd2 Ng6 11. Nb3 Bb6 12. Re1 0-0 13. a4 f6 14. exf6 gxf6 15. Bh6 Rf7 16. c4 dxc4 17. Bxc4 Nce5 18. Nxe5 fxe5 19. Rf1 Qh4 20. a5 Bxf2+ 21. Kh1 Qxc4 22. Nd2 Qh4 23. Qe2 Bg3 24. h3 Bc6 25. Nf3 Qxh6 0-1

[Event "Cheliabinsk Lozovatsky Memorial-A"]
[Site "Cheliabinsk"]
[Date "2023.02.05"]
[Round "10"]
[White "Shuvalov, Evgenij"]
[Black "Polosin, Evgeni"]
[Result "1/2-1/2"]
[WhiteElo "2149"]
[BlackElo "2105"]
[PlyCount "120"]
[EventDate "2023.01.27"]
[EventType "swiss"]
[EventRounds "10"]
[EventCountry "RUS"]
[SourceTitle "CBM 212 Extra"]
[Source "ChessBase"]
[SourceDate "2023.03.31"]
[SourceVersion "1"]
[SourceVersionDate "2023.03.31"]
[SourceQuality "1"]

1. Nf3 d5 2. c4 d4 3. b4 g5 4. Bb2 Bg7 5. Nxg5 e5 6. Nh3 Be6 7. d3 Ne7 8. g3 h6 9. Bg2 c6 10. Nd2 0-0 11. Ng1 a5 12. bxa5 Qxa5 13. Ngf3 Nd7 14. 0-0 Qc7 15. Nb3 Ra6 16. Re1 c5 17. e3 Nb6 18. exd4 cxd4 19. Qd2 Rfa8 20. Nc1 Na4 21. Rb1 Nc6 22. Ba1 R8a7 23. Nh4 Nc3 24. Bxc3 dxc3 25. Qxc3 e4 26. Qd2 exd3 27. Qxd3 Ne5 28. Qe4 Nxc4 29. Rxb7 Rxb7 30. Qxb7 Qxb7 31. Bxb7 Rb6 32. Be4 Rb2 33. Nf3 Nd2 34. Nxd2 Rxd2 35. Kg2 Bc4 36. Bf3 Bd4 37. Re8+ Kg7 38. Ne2 Bf6 39. a3 Bb5 40. Re3 Ba6 41. h4 Bd8 42. Bh5 Ra2 43. Nc3 Rxa3 44. Nd5 Ra5 45. Bf3 Ra1 46. Re8 Ba5 47. g4 Bd2 48. Ne3 Bb5 49. Rb8 Rb1 50. Rb7 Bxe3 51. fxe3 Bf1+ 52. Kg3 Rxb7 53. Bxb7 f6 54. Kf4 Bd3 55. Be4 Bc4 56. Bf5 Bb3 57. e4 Bd1 58. g5 hxg5+ 59. hxg5 fxg5+ 60. Kxg5 Bc2 1/2-1/2

[Event "Cheliabinsk Lozovatsky Memorial-A"]
[Site "Cheliabinsk"]
[Date "2023.01.31"]
[Round "5"]
[White "Chaqryan, Erik"]
[Black "Polosin, Evgeni"]
[Result "1-0"]
[WhiteElo "2311"]
[BlackElo "2105"]
[PlyCount "75"]
[EventDate "2023.01.27"]
[EventType "swiss"]
[EventRounds "10"]
[EventCountry "RUS"]
[SourceTitle "CBM 212 Extra"]
[Source "ChessBase"]
[SourceDate "2023.03.31"]
[SourceVersion "1"]
[SourceVersionDate "2023.03.31"]
[SourceQuality "1"]

1. c4 Nf6 2. g3 e6 3. Bg2 d5 4. Nf3 Be7 5. 0-0 0-0 6. d4 dxc4 7. Qc2 a6 8. a4 Bd7 9. Qxc4 Bc6 10. Bf4 Bd6 11. Qc1 Bxf4 12. Qxf4 Qd6 13. Qh4 Nbd7 14. Nc3 Qb4 15. e4 Qxb2 16. Rfc1 h6 17. Qf4 Rac8 18. Ne1 Qb4 19. d5 exd5 20. exd5 Qxf4 21. gxf4 Bxd5 22. Nxd5 Nxd5 23. Bxd5 c6 24. Bf3 Rc7 25. a5 Re8 26. Ra3 Nf8 27. Re3 Rd8 28. Rd1 Rxd1 29. Bxd1 Ne6 30. f5 Nd4 31. Re8+ Kh7 32. Bc2 c5 33. Be4 c4 34. f6+ g6 35. Re7 Ne6 36. Bd5 Rxe7 37. fxe7 Nc7 38. Bxf7 1-0

[Event "Cheliabinsk Lozovatsky Memorial-A"]
[Site "Cheliabinsk"]
[Date "2023.01.30"]
[Round "4"]
[White "Polosin, Evgeni"]
[Black "Ovod, Evgenija"]
[Result "1/2-1/2"]
[WhiteElo "2105"]
[BlackElo "2323"]
[PlyCount "53"]
[EventDate "2023.01.27"]
[EventType "swiss"]
[EventRounds "10"]
[EventCountry "RUS"]
[SourceTitle "CBM 212 Extra"]
[Source "ChessBase"]
[SourceDate "2023.03.31"]
[SourceVersion "1"]
[SourceVersionDate "2023.03.31"]
[SourceQuality "1"]

1. d4 d5 2. Nf3 Nf6 3. g3 c6 4. Bg2 Bg4 5. 0-0 Nbd7 6. c4 e6 7. Nc3 Bd6 8. h3 Bxf3 9. Bxf3 0-0 10. e4 dxe4 11. Nxe4 Nxe4 12. Bxe4 Nf6 13. Bg2 h6 14. Qb3 Qc7 15. Be3 Rfd8 16. a4 Rd7 17. a5 a6 18. Rfd1 Re8 19. Qa4 Qd8 20. b4 Bb8 21. Rd2 Qe7 22. Rad1 Red8 23. Qb3 Bd6 24. Rb1 Bc7 25. Rbd1 Bd6 26. Rb1 Bc7 27. Rbd1 1/2-1/2

[Event "Cheliabinsk Panchenko Memorial op-A"]
[Site "Cheliabinsk"]
[Date "2022.09.18"]
[Round "7"]
[White "Polosin, Evgeni"]
[Black "Kuzmin, Roman"]
[Result "0-1"]
[WhiteElo "2136"]
[BlackElo "2284"]
[PlyCount "70"]
[EventDate "2022.09.12"]
[EventType "swiss"]
[EventRounds "10"]
[EventCountry "RUS"]
[SourceTitle "CBM 210 Extra"]
[Source "ChessBase"]
[SourceDate "2022.11.30"]
[SourceVersion "1"]
[SourceVersionDate "2022.11.30"]
[SourceQuality "1"]

1. e4 c5 2. Nc3 d6 3. Nf3 Nf6 4. d4 cxd4 5. Nxd4 a6 6. Be3 e5 7. Nb3 Be6 8. f3 h5 9. Qd2 Nbd7 10. 0-0-0 Rc8 11. Kb1 b5 12. Qf2 Be7 13. h3 Qc7 14. g3 Rb8 15. f4 Nb6 16. fxe5 dxe5 17. Nc5 Bc8 18. Nb3 0-0 19. g4 Be6 20. gxh5 b4 21. Nd5 Nbxd5 22. exd5 Nxd5 23. Bc1 a5 24. Rg1 a4 25. Bh6 axb3 26. Rxg7+ Kh8 27. Bd3 e4 28. Qd4 f6 29. Bxe4 Rf7 30. Qg1 Nc3+ 31. Ka1 Qa5 32. a3 bxa3 33. cxb3 axb2+ 34. Kxb2 Nxd1+ 35. Kc1 Qc5+ 0-1

[Event "Urals-ch"]
[Site "Cheliabinsk"]
[Date "2022.03.23"]
[Round "8"]
[White "Pingin, Artem"]
[Black "Polosin, Evgeni"]
[Result "1-0"]
[WhiteElo "2329"]
[BlackElo "2151"]
[PlyCount "113"]
[EventDate "2022.03.16"]
[EventType "swiss"]
[EventRounds "9"]
[EventCountry "RUS"]
[SourceTitle "CBM 207 Extra"]
[Source "ChessBase"]
[SourceDate "2022.05.31"]
[SourceVersion "1"]
[SourceVersionDate "2022.05.31"]
[SourceQuality "1"]

1. e4 e5 2. Nf3 Nc6 3. Bb5 a6 4. Ba4 Nf6 5. 0-0 Nxe4 6. d4 b5 7. Bb3 d5 8. dxe5 Be6 9. Be3 Be7 10. c3 0-0 11. Nbd2 Bg4 12. Nxe4 dxe4 13. Qd5 Qxd5 14. Bxd5 exf3 15. Bxc6 fxg2 16. Kxg2 Rad8 17. a4 Bd7 18. axb5 axb5 19. Be4 f6 20. Ra7 fxe5 21. Rxc7 Bd6 22. Rb7 Bc8 23. Ra7 Bf5 24. Bxf5 Rxf5 25. Rd1 Rf6 26. Bc5 Rg6+ 27. Kf1 Kf8 28. Rb7 Ke8 29. Bxd6 Rgxd6 30. Rxd6 Rxd6 31. Rxb5 Re6 32. Rb7 Rg6 33. c4 Kd8 34. c5 Rh6 35. b4 Rxh2 36. Rxg7 Rh1+ 37. Kg2 Rb1 38. Rb7 Rb3 39. b5 Rc3 40. c6 Rc5 41. f3 h5 42. Kg3 Kc8 43. Kh4 e4 44. fxe4 Re5 45. Rb6 Kc7 46. Rb7+ Kc8 47. Kg3 h4+ 48. Kxh4 Rxe4+ 49. Kg5 Re1 50. Kf4 Re2 51. Rh7 Rb2 52. Ke5 Rc2 53. Kd6 Kb8 54. Rh8+ Ka7 55. Kc7 Rb2 56. Rh1 Ra2 57. b6+ 1-0

[Event "Cheliabinsk Panchenko Memorial op-A"]
[Site "Cheliabinsk"]
[Date "2021.09.14"]
[Round "2"]
[White "Polosin, Evgeni"]
[Black "Efimov, Leonid"]
[Result "0-1"]
[WhiteElo "2186"]
[BlackElo "1866"]
[PlyCount "104"]
[EventDate "2021.09.13"]
[EventType "swiss"]
[EventRounds "10"]
[EventCountry "RUS"]
[SourceTitle "CBM 204 Extra"]
[Source "ChessBase"]
[SourceDate "2021.11.30"]
[SourceVersion "1"]
[SourceVersionDate "2021.11.30"]
[SourceQuality "1"]

1. d4 d5 2. Nc3 Nf6 3. Bg5 c5 4. Nf3 Nc6 5. e3 Bg4 6. Be2 e6 7. Ne5 Bxe2 8. Nxe2 Qa5+ 9. c3 Nxe5 10. dxe5 Nd7 11. f4 f6 12. exf6 gxf6 13. Bh4 0-0-0 14. f5 exf5 15. Qxd5 Bh6 16. 0-0-0 Bxe3+ 17. Kb1 Qa6 18. Qf3 Rhe8 19. Rhe1 Qc4 20. Ng3 f4 21. Nf5 Ne5 22. Qh3 Kb8 23. Nd6 Rxd6 24. Rxd6 Qe4+ 25. Ka1 Qc2 26. Rb1 Nc4 27. Rdd1 f5 28. Bf6 Nd2 29. Qxh7 a6 30. Qd7 Rg8 31. Rbc1 Nb3+ 32. axb3 Bxc1 33. c4 Be3 34. Qd6+ Ka7 35. Bd8 Qxb3 36. Rd3 Qb4 37. Ka2 Rxg2 38. Qf6 Bd4 39. Bb6+ Qxb6 40. Qxb6+ Kxb6 41. Rf3 Rxb2+ 42. Ka3 Rxh2 43. Rxf4 Rf2 44. Rh4 f4 45. Rh6+ Ka5 46. Rh3 Rg2 47. Rh7 Rg3+ 48. Ka2 b5 49. Kb1 Kb4 50. cxb5 axb5 51. Kc2 f3 52. Rh1 Rg1 0-1

[Event "Cheliabinsk Variant Gp-A"]
[Site "Cheliabinsk"]
[Date "2021.03.26"]
[Round "4"]
[White "Lebzak, Yaroslav"]
[Black "Polosin, Evgeni"]
[Result "0-1"]
[WhiteElo "2096"]
[BlackElo "2219"]
[PlyCount "96"]
[EventDate "2021.03.23"]
[EventType "swiss"]
[EventRounds "10"]
[EventCountry "RUS"]
[SourceTitle "CBM 202 Extra"]
[Source "ChessBase"]
[SourceDate "2021.07.31"]
[SourceVersion "1"]
[SourceVersionDate "2021.07.31"]
[SourceQuality "1"]

1. e4 e5 2. Nf3 Nc6 3. Bc4 g6 4. c3 Bg7 5. d4 d6 6. 0-0 Nge7 7. dxe5 dxe5 8. Qc2 0-0 9. Rd1 Qe8 10. b4 a6 11. Nbd2 h6 12. a4 Kh7 13. Ba3 f5 14. Ne1 f4 15. Nb3 g5 16. b5 Nd8 17. bxa6 bxa6 18. Nc5 Ng6 19. Qd3 f3 20. Nd7 Rh8 21. Nxf3 Nf4 22. Qd2 Nde6 23. Nfxe5 Nxg2 24. Ng4 Qg6 25. e5 Ngf4 26. Bb3 Kg8 27. Bc2 Qf7 28. Ndf6+ Bxf6 29. Nxf6+ Kg7 30. Qe3 g4 31. Rd2 Ng5 32. Be4 Nfh3+ 33. Kh1 Nxe4 34. Nxe4 Bb7 35. Re1 Rad8 36. Rde2 Qf3+ 37. Qxf3 gxf3 38. Re3 Bxe4 39. Rxe4 Nxf2+ 40. Kg1 Nxe4 41. Rxe4 Rd2 42. e6 Rb8 43. Bb4 a5 44. e7 axb4 45. e8Q Rxe8 46. Rxe8 bxc3 47. Re7+ Kf6 48. Rxc7 c2 0-1

[Event "Urals-ch"]
[Site "Khanty-Mansiysk"]
[Date "2021.03.16"]
[Round "6"]
[White "Kopylov, Alexander A"]
[Black "Polosin, Evgeni"]
[Result "0-1"]
[WhiteElo "2427"]
[BlackElo "2219"]
[PlyCount "62"]
[EventDate "2021.03.11"]
[EventType "swiss"]
[EventRounds "9"]
[EventCountry "RUS"]
[SourceTitle "CBM 201 Extra"]
[Source "ChessBase"]
[SourceDate "2021.05.31"]
[SourceVersion "1"]
[SourceVersionDate "2021.05.31"]
[SourceQuality "1"]

1. e4 e5 2. Nf3 Nc6 3. Bb5 a6 4. Ba4 Nf6 5. 0-0 b5 6. Bb3 Be7 7. Re1 0-0 8. d3 d6 9. Bd2 Be6 10. Nc3 Re8 11. Nd5 Nd7 12. a4 Rb8 13. axb5 axb5 14. c3 Bf8 15. Ng5 h6 16. Nxe6 fxe6 17. Qg4 Nc5 18. Ba2 Kh8 19. b4 Nxd3 20. Re3 Ra8 21. Rxd3 exd5 22. Rxd5 Nd4 23. cxd4 c6 24. dxe5 cxd5 25. Bc3 d4 26. Bd5 dxc3 27. Rxa8 Qxa8 28. Bxa8 Rxa8 29. Qd1 c2 30. Qc1 dxe5 31. f4 Rc8 0-1

[Event "Cheliabinsk Lozovatsky Memorial-A"]
[Site "Cheliabinsk"]
[Date "2021.01.22"]
[Round "9"]
[White "Shnayder, Violetta"]
[Black "Polosin, Evgeni"]
[Result "0-1"]
[WhiteElo "1915"]
[BlackElo "2206"]
[PlyCount "70"]
[EventDate "2021.01.15"]
[EventType "swiss"]
[EventRounds "10"]
[EventCountry "RUS"]
[SourceTitle "CBM 200 Extra"]
[Source "ChessBase"]
[SourceDate "2021.03.31"]
[SourceVersion "1"]
[SourceVersionDate "2021.03.31"]
[SourceQuality "1"]

1. Nf3 d5 2. g3 Nc6 3. Bg2 e5 4. d3 Be6 5. a3 a5 6. b3 f6 7. Nbd2 Qd7 8. Bb2 h5 9. h4 Nh6 10. c4 d4 11. Ne4 Ng4 12. Nh2 Nh6 13. Nf3 Be7 14. Qd2 Bf5 15. e3 dxe3 16. Qxe3 Ng4 17. Qe2 Rd8 18. 0-0-0 0-0 19. Kb1 a4 20. b4 b5 21. cxb5 Na7 22. b6 cxb6 23. Ne1 Nb5 24. Nc2 Qe6 25. f3 Qb3 26. Kc1 Rc8 27. Rd2 Nxa3 28. Nc5 bxc5 29. fxg4 Nxc2 30. gxf5 Nd4 31. Qe4 cxb4+ 32. Kb1 a3 33. Qd5+ Kh8 34. g4 axb2 35. Qe4 Rc1+ 0-1

[Event "Chigorin Memorial 27th"]
[Site "St Petersburg"]
[Date "2019.10.13"]
[Round "9"]
[White "Polosin, Evgeni"]
[Black "Biriukov, Ilja"]
[Result "0-1"]
[WhiteElo "2159"]
[BlackElo "2349"]
[PlyCount "96"]
[EventDate "2019.10.05"]
[EventType "swiss"]
[EventRounds "9"]
[EventCountry "RUS"]
[SourceTitle "EXT 2021"]
[Source "ChessBase"]
[SourceDate "2020.10.23"]
[SourceVersion "1"]
[SourceVersionDate "2020.10.23"]
[SourceQuality "1"]

1. e4 c5 2. Nf3 g6 3. c3 Bg7 4. d4 cxd4 5. cxd4 d5 6. e5 Nh6 7. Bf4 f6 8. exf6 exf6 9. Bb5+ Bd7 10. Qe2+ Kf7 11. 0-0 Re8 12. Qd3 a6 13. Bxd7 Qxd7 14. Qb3 g5 15. Bxb8 Raxb8 16. Nc3 Rbd8 17. Na4 g4 18. Nh4 Qb5 19. Qxb5 axb5 20. Nc3 b4 21. Nb5 Re2 22. b3 Bf8 23. f3 Rc8 24. Rac1 Rc6 25. Nc7 Bd6 26. Nxd5 g3 27. h3 Rxc1 28. Rxc1 Ke6 29. Nb6 Bf4 30. Rd1 Bg5 31. d5+ Kd6 32. Nc4+ Kc5 33. d6 Bxh4 34. d7 f5 35. Nd6 Kc6 36. Kf1 Rf2+ 37. Kg1 Bd8 38. Nc4 Nf7 39. Ne3 Bb6 40. Re1 Rxa2 41. Kf1 Rf2+ 42. Kg1 f4 43. Nc4 Re2+ 44. Kf1 Rxe1+ 45. Kxe1 Bc7 46. Nd2 Nd6 47. Ke2 Kxd7 48. Kd3 Ke6 0-1

[Event "Chigorin Memorial 27th"]
[Site "St Petersburg"]
[Date "2019.10.10"]
[Round "6"]
[White "Nie, Xinyang"]
[Black "Polosin, Evgeni"]
[Result "1/2-1/2"]
[WhiteElo "2366"]
[BlackElo "2159"]
[PlyCount "74"]
[EventDate "2019.10.05"]
[EventType "swiss"]
[EventRounds "9"]
[EventCountry "RUS"]
[SourceTitle "EXT 2020"]
[Source "ChessBase"]
[SourceDate "2019.10.17"]
[SourceVersion "1"]
[SourceVersionDate "2019.10.17"]
[SourceQuality "1"]

1. d4 d5 2. c4 dxc4 3. Nf3 a6 4. a4 Nf6 5. e3 Bg4 6. Bxc4 e6 7. Nc3 Nc6 8. Be2 Bb4 9. 0-0 0-0 10. Qb3 Qe7 11. Bd2 Na5 12. Qc2 c5 13. Rad1 Nc6 14. Ne5 cxd4 15. Nxg4 Nxg4 16. Bxg4 dxc3 17. bxc3 Bc5 18. Be2 a5 19. c4 Bb4 20. Bc1 Rad8 21. Bb2 Rxd1 22. Rxd1 Rd8 23. Bf3 Rxd1+ 24. Qxd1 Qd6 25. Qxd6 Bxd6 26. Kf1 Bb4 27. Ke2 f6 28. Be4 Kf7 29. g4 Ne5 30. Bxe5 fxe5 31. Bxb7 g5 32. Kd3 Kf6 33. Ke4 Bd6 34. Bc8 h6 35. Bb7 Ke7 36. Bc8 Kf6 37. h3 Ke7 1/2-1/2

[Event "Chigorin Memorial 27th"]
[Site "St Petersburg"]
[Date "2019.10.08"]
[Round "4"]
[White "Chetyrev, Dmitry"]
[Black "Polosin, Evgeni"]
[Result "0-1"]
[WhiteElo "1869"]
[BlackElo "2159"]
[PlyCount "68"]
[EventDate "2019.10.05"]
[EventType "swiss"]
[EventRounds "9"]
[EventCountry "RUS"]
[SourceTitle "EXT 2020"]
[Source "ChessBase"]
[SourceDate "2019.10.17"]
[SourceVersion "1"]
[SourceVersionDate "2019.10.17"]
[SourceQuality "1"]

1. e4 e5 2. Nf3 Nc6 3. d4 exd4 4. Nxd4 Nf6 5. Nc3 Bb4 6. Nxc6 bxc6 7. Bd3 d5 8. exd5 cxd5 9. 0-0 0-0 10. Bg5 Be6 11. a3 Be7 12. Re1 c5 13. Qf3 Qb6 14. Qg3 c4 15. Bf5 d4 16. Na4 Qc6 17. b3 Bxf5 18. Rxe7 Ne4 19. Qe5 Qg6 20. Bf4 d3 21. cxd3 cxd3 22. Nb2 Nf6 23. Nc4 Rad8 24. Nd6 Be6 25. b4 Nd5 26. Bg5 Rxd6 27. Qxd6 Qxg5 28. Rxa7 Nf4 29. g3 Qf6 30. Qxf4 Qxa1+ 31. Kg2 Bd5+ 32. Kh3 Qf6 33. Qxf6 gxf6 34. Rd7 Be6+ 0-1

[Event "Cheliabinsk Panchenko Memorial op"]
[Site "Cheliabinsk"]
[Date "2019.09.16"]
[Round "8"]
[White "Polosin, Evgeni"]
[Black "Galiev, Ernest"]
[Result "1-0"]
[WhiteElo "2159"]
[BlackElo "1875"]
[PlyCount "77"]
[EventDate "2019.09.09"]
[EventType "swiss"]
[EventRounds "9"]
[EventCountry "RUS"]
[SourceTitle "EXT 2020"]
[Source "ChessBase"]
[SourceDate "2019.10.17"]
[SourceVersion "1"]
[SourceVersionDate "2019.10.17"]
[SourceQuality "1"]

1. Nc3 d5 2. e4 d4 3. Nce2 e5 4. Ng3 Be6 5. Nf3 f6 6. c3 c5 7. Bb5+ Nc6 8. 0-0 Nge7 9. d3 a6 10. Ba4 b5 11. Bb3 Qd7 12. Nd2 g5 13. a4 b4 14. Nc4 Bxc4 15. Bxc4 Ng6 16. cxb4 Nxb4 17. Nh5 Bg7 18. Bd2 Nf4 19. Nxf4 gxf4 20. Bxb4 cxb4 21. Qh5+ Ke7 22. Rfc1 Kd6 23. g3 fxg3 24. hxg3 h6 25. f4 Rhf8 26. fxe5+ fxe5 27. Bd5 Rac8 28. Rxc8 Rxc8 29. Qg6+ Kc7 30. Rc1+ Kd8 31. Rxc8+ Qxc8 32. Qxg7 Qc1+ 33. Kg2 Qd2+ 34. Kh3 Qd1 35. Qf6+ Kc8 36. Qxa6+ Kd8 37. Qb6+ Ke7 38. Qc7+ Ke8 39. Qxe5+ 1-0